<?xml version="1.0" encoding="UTF-8"?>
<record
    xmlns:xsi="http://www.w3.org/2001/XMLSchema-instance"
    xsi:schemaLocation="http://www.loc.gov/MARC21/slim http://www.loc.gov/standards/marcxml/schema/MARC21slim.xsd"
    xmlns="http://www.loc.gov/MARC21/slim">

  <leader>01436nas a2200289 i 4500</leader>
  <controlfield tag="001">255121</controlfield>
  <controlfield tag="003">AGN</controlfield>
  <controlfield tag="005">20260203143116.0</controlfield>
  <controlfield tag="007">ta</controlfield>
  <controlfield tag="008">260203e1955    dr |||p|r||||||0| |0spa d</controlfield>
  <datafield tag="040" ind1=" " ind2=" ">
    <subfield code="c">AGN</subfield>
    <subfield code="a">DO-SdBNP</subfield>
    <subfield code="b">spa</subfield>
    <subfield code="e">rda</subfield>
  </datafield>
  <datafield tag="041" ind1=" " ind2=" ">
    <subfield code="a">spa</subfield>
  </datafield>
  <datafield tag="100" ind1="1" ind2=" ">
    <subfield code="a">Rodr&#xED;guez Demorizi, Emilio,</subfield>
    <subfield code="d">1908-1986</subfield>
    <subfield code="9">1039</subfield>
    <subfield code="e">director</subfield>
  </datafield>
  <datafield tag="245" ind1=" " ind2=" ">
    <subfield code="a">Revista dominicana de cultura /</subfield>
    <subfield code="c">Emilio Rodr&#xED;guez Demorizi, director.</subfield>
  </datafield>
  <datafield tag="264" ind1=" " ind2=" ">
    <subfield code="a">Ciudad Trujillo, Rep&#xFA;blica Dominicana :</subfield>
    <subfield code="b">Emilio Rodr&#xED;guez Demorizi, </subfield>
    <subfield code="c">1955.</subfield>
  </datafield>
  <datafield tag="300" ind1=" " ind2=" ">
    <subfield code="a">volumen ; </subfield>
    <subfield code="c">23 cm.</subfield>
  </datafield>
  <datafield tag="336" ind1=" " ind2=" ">
    <subfield code="a">texto</subfield>
    <subfield code="b">txt</subfield>
    <subfield code="2">rdacontent</subfield>
  </datafield>
  <datafield tag="337" ind1=" " ind2=" ">
    <subfield code="a">sin mediaci&#xF3;n </subfield>
    <subfield code="b">n</subfield>
    <subfield code="2">rdamedia</subfield>
  </datafield>
  <datafield tag="338" ind1=" " ind2=" ">
    <subfield code="a">volumen </subfield>
    <subfield code="b">nc </subfield>
    <subfield code="2">rdacarrier</subfield>
  </datafield>
  <datafield tag="362" ind1=" " ind2=" ">
    <subfield code="a">Vol 1. No 1. noviembre 1955.</subfield>
  </datafield>
  <datafield tag="500" ind1=" " ind2=" ">
    <subfield code="a">Catalogaci&#xF3;n basada en la numeraci&#xF3;n: Vol 1. No 1. noviembre 1955.</subfield>
  </datafield>
  <datafield tag="520" ind1=" " ind2=" ">
    <subfield code="a">La vida intelectual de un pueblo es la m&#xE1;s pura prueba de su car&#xE1;cter y del grado de civilizaci&#xF3;n alcanzado. Es en la obra de los escritores y poetas, en la de los artistas, connaturalizados con el tiempo que les ha tocado vivir, donde m&#xE1;s patentemente se refleja la fuerza espiritual, fuerza de perennidad que traspasa las fronteras y vence al tiempo...</subfield>
  </datafield>
  <datafield tag="650" ind1=" " ind2=" ">
    <subfield code="9">2834</subfield>
    <subfield code="a">Literatura</subfield>
    <subfield code="v">Publicaciones peri&#xF3;dicas </subfield>
    <subfield code="z">Rep&#xFA;blica Dominicana</subfield>
  </datafield>
  <datafield tag="650" ind1=" " ind2="7">
    <subfield code="a">Cultura</subfield>
    <subfield code="9">351</subfield>
    <subfield code="v">Publicaciones peri&#xF3;dicas </subfield>
    <subfield code="z">Rep&#xFA;blica Dominicana</subfield>
  </datafield>
  <datafield tag="650" ind1=" " ind2="0">
    <subfield code="a">Arte</subfield>
    <subfield code="9">28401</subfield>
    <subfield code="v">Publicaciones peri&#xF3;dicas </subfield>
    <subfield code="z">Rep&#xFA;blica Dominicana</subfield>
  </datafield>
  <datafield tag="942" ind1=" " ind2=" ">
    <subfield code="c">ISSUE</subfield>
    <subfield code="2">ddc</subfield>
  </datafield>
  <datafield tag="952" ind1=" " ind2=" ">
    <subfield code="0">0</subfield>
    <subfield code="1">0</subfield>
    <subfield code="2">ddc</subfield>
    <subfield code="4">0</subfield>
    <subfield code="5">5</subfield>
    <subfield code="7">0</subfield>
    <subfield code="8">SE</subfield>
    <subfield code="a">BNPHU</subfield>
    <subfield code="b">BNPHU</subfield>
    <subfield code="d">2026-02-03</subfield>
    <subfield code="h">Vol 1. No 1. noviembre 1955</subfield>
    <subfield code="l">0</subfield>
    <subfield code="p">2026-0634</subfield>
    <subfield code="r">2026-02-03</subfield>
    <subfield code="t">e.1</subfield>
    <subfield code="w">2026-02-03</subfield>
    <subfield code="y">ISSUE</subfield>
  </datafield>
  <datafield tag="952" ind1=" " ind2=" ">
    <subfield code="0">0</subfield>
    <subfield code="1">0</subfield>
    <subfield code="2">ddc</subfield>
    <subfield code="4">0</subfield>
    <subfield code="5">5</subfield>
    <subfield code="7">0</subfield>
    <subfield code="8">SE</subfield>
    <subfield code="a">BNPHU</subfield>
    <subfield code="b">BNPHU</subfield>
    <subfield code="d">2026-02-03</subfield>
    <subfield code="h">Vol 1. No 2. diciembre 1955</subfield>
    <subfield code="l">0</subfield>
    <subfield code="p">2026-0635</subfield>
    <subfield code="r">2026-02-03</subfield>
    <subfield code="t">e.1</subfield>
    <subfield code="w">2026-02-03</subfield>
    <subfield code="y">ISSUE</subfield>
  </datafield>
  <datafield tag="952" ind1=" " ind2=" ">
    <subfield code="0">0</subfield>
    <subfield code="1">0</subfield>
    <subfield code="2">ddc</subfield>
    <subfield code="4">0</subfield>
    <subfield code="5">5</subfield>
    <subfield code="7">0</subfield>
    <subfield code="8">SE</subfield>
    <subfield code="a">BNPHU</subfield>
    <subfield code="b">BNPHU</subfield>
    <subfield code="d">2026-02-03</subfield>
    <subfield code="h">Vol 2. No 3. enero 1956</subfield>
    <subfield code="l">0</subfield>
    <subfield code="p">2026-0636</subfield>
    <subfield code="r">2026-02-03</subfield>
    <subfield code="t">e.1</subfield>
    <subfield code="w">2026-02-03</subfield>
    <subfield code="y">ISSUE</subfield>
  </datafield>
  <datafield tag="952" ind1=" " ind2=" ">
    <subfield code="0">0</subfield>
    <subfield code="1">0</subfield>
    <subfield code="2">ddc</subfield>
    <subfield code="4">0</subfield>
    <subfield code="5">6</subfield>
    <subfield code="7">0</subfield>
    <subfield code="8">SE</subfield>
    <subfield code="a">BNPHU</subfield>
    <subfield code="b">BNPHU</subfield>
    <subfield code="d">2026-02-06</subfield>
    <subfield code="h">	Vol 1. No 1. noviembre 1955</subfield>
    <subfield code="l">0</subfield>
    <subfield code="p">2026-0831</subfield>
    <subfield code="r">2026-02-06</subfield>
    <subfield code="t">e.2</subfield>
    <subfield code="w">2026-02-06</subfield>
    <subfield code="y">ISSUE</subfield>
  </datafield>
  <datafield tag="952" ind1=" " ind2=" ">
    <subfield code="0">0</subfield>
    <subfield code="1">0</subfield>
    <subfield code="2">ddc</subfield>
    <subfield code="4">0</subfield>
    <subfield code="5">6</subfield>
    <subfield code="7">0</subfield>
    <subfield code="8">SE</subfield>
    <subfield code="a">BNPHU</subfield>
    <subfield code="b">BNPHU</subfield>
    <subfield code="d">2026-02-06</subfield>
    <subfield code="h">	Vol 1. No 1. noviembre 1955</subfield>
    <subfield code="l">0</subfield>
    <subfield code="p">2026-0832</subfield>
    <subfield code="r">2026-02-06</subfield>
    <subfield code="t">e.3</subfield>
    <subfield code="w">2026-02-06</subfield>
    <subfield code="y">ISSUE</subfield>
  </datafield>
  <datafield tag="952" ind1=" " ind2=" ">
    <subfield code="0">0</subfield>
    <subfield code="1">0</subfield>
    <subfield code="2">ddc</subfield>
    <subfield code="4">0</subfield>
    <subfield code="5">6</subfield>
    <subfield code="7">0</subfield>
    <subfield code="8">SE</subfield>
    <subfield code="a">BNPHU</subfield>
    <subfield code="b">BNPHU</subfield>
    <subfield code="d">2026-02-06</subfield>
    <subfield code="h">	Vol 1. No 1. noviembre 1955</subfield>
    <subfield code="l">0</subfield>
    <subfield code="p">2026-0833</subfield>
    <subfield code="r">2026-02-06</subfield>
    <subfield code="t">e.4</subfield>
    <subfield code="w">2026-02-06</subfield>
    <subfield code="y">ISSUE</subfield>
  </datafield>
  <datafield tag="952" ind1=" " ind2=" ">
    <subfield code="0">0</subfield>
    <subfield code="1">0</subfield>
    <subfield code="2">ddc</subfield>
    <subfield code="4">0</subfield>
    <subfield code="5">6</subfield>
    <subfield code="7">0</subfield>
    <subfield code="8">SE</subfield>
    <subfield code="a">BNPHU</subfield>
    <subfield code="b">BNPHU</subfield>
    <subfield code="d">2026-02-06</subfield>
    <subfield code="h">	Vol 1. No 2. diciembre 1955</subfield>
    <subfield code="l">0</subfield>
    <subfield code="p">2026-0834</subfield>
    <subfield code="r">2026-02-06</subfield>
    <subfield code="t">e.2</subfield>
    <subfield code="w">2026-02-06</subfield>
    <subfield code="y">ISSUE</subfield>
  </datafield>
  <datafield tag="952" ind1=" " ind2=" ">
    <subfield code="0">0</subfield>
    <subfield code="1">0</subfield>
    <subfield code="2">ddc</subfield>
    <subfield code="4">0</subfield>
    <subfield code="5">6</subfield>
    <subfield code="7">0</subfield>
    <subfield code="8">SE</subfield>
    <subfield code="a">BNPHU</subfield>
    <subfield code="b">BNPHU</subfield>
    <subfield code="d">2026-02-06</subfield>
    <subfield code="h">	Vol 1. No 2. diciembre 1955</subfield>
    <subfield code="l">0</subfield>
    <subfield code="p">2026-0835</subfield>
    <subfield code="r">2026-02-06</subfield>
    <subfield code="t">e.3</subfield>
    <subfield code="w">2026-02-06</subfield>
    <subfield code="y">ISSUE</subfield>
  </datafield>
  <datafield tag="952" ind1=" " ind2=" ">
    <subfield code="0">0</subfield>
    <subfield code="1">0</subfield>
    <subfield code="2">ddc</subfield>
    <subfield code="4">0</subfield>
    <subfield code="5">6</subfield>
    <subfield code="7">0</subfield>
    <subfield code="8">SE</subfield>
    <subfield code="a">BNPHU</subfield>
    <subfield code="b">BNPHU</subfield>
    <subfield code="d">2026-02-06</subfield>
    <subfield code="h">	Vol 1. No 2. diciembre 1955</subfield>
    <subfield code="l">0</subfield>
    <subfield code="p">2026-0836</subfield>
    <subfield code="r">2026-02-06</subfield>
    <subfield code="t">e.4</subfield>
    <subfield code="w">2026-02-06</subfield>
    <subfield code="y">ISSUE</subfield>
  </datafield>
  <datafield tag="952" ind1=" " ind2=" ">
    <subfield code="0">0</subfield>
    <subfield code="1">0</subfield>
    <subfield code="2">ddc</subfield>
    <subfield code="4">0</subfield>
    <subfield code="5">6</subfield>
    <subfield code="7">0</subfield>
    <subfield code="8">SE</subfield>
    <subfield code="a">BNPHU</subfield>
    <subfield code="b">BNPHU</subfield>
    <subfield code="d">2026-02-06</subfield>
    <subfield code="h">	Vol 2. No 3. enero 1956</subfield>
    <subfield code="l">0</subfield>
    <subfield code="p">2026-0837</subfield>
    <subfield code="r">2026-02-06</subfield>
    <subfield code="t">e.2</subfield>
    <subfield code="w">2026-02-06</subfield>
    <subfield code="y">ISSUE</subfield>
  </datafield>
  <datafield tag="952" ind1=" " ind2=" ">
    <subfield code="0">0</subfield>
    <subfield code="1">0</subfield>
    <subfield code="2">ddc</subfield>
    <subfield code="4">0</subfield>
    <subfield code="5">6</subfield>
    <subfield code="7">0</subfield>
    <subfield code="8">SE</subfield>
    <subfield code="a">BNPHU</subfield>
    <subfield code="b">BNPHU</subfield>
    <subfield code="d">2026-02-06</subfield>
    <subfield code="h">	Vol 2. No 3. enero 1956</subfield>
    <subfield code="l">0</subfield>
    <subfield code="p">2026-0838</subfield>
    <subfield code="r">2026-02-06</subfield>
    <subfield code="t">e.3</subfield>
    <subfield code="w">2026-02-06</subfield>
    <subfield code="y">ISSUE</subfield>
  </datafield>
  <datafield tag="952" ind1=" " ind2=" ">
    <subfield code="0">0</subfield>
    <subfield code="1">0</subfield>
    <subfield code="2">ddc</subfield>
    <subfield code="4">0</subfield>
    <subfield code="5">6</subfield>
    <subfield code="7">0</subfield>
    <subfield code="8">SE</subfield>
    <subfield code="a">BNPHU</subfield>
    <subfield code="b">BNPHU</subfield>
    <subfield code="d">2026-02-06</subfield>
    <subfield code="h">	Vol 2. No 3. enero 1956</subfield>
    <subfield code="l">0</subfield>
    <subfield code="p">2026-0839</subfield>
    <subfield code="r">2026-02-06</subfield>
    <subfield code="t">e.4</subfield>
    <subfield code="w">2026-02-06</subfield>
    <subfield code="y">ISSUE</subfield>
  </datafield>
  <datafield tag="999" ind1=" " ind2=" ">
    <subfield code="c">60198</subfield>
    <subfield code="d">60198</subfield>
  </datafield>
</record>
